México: ¿Cómo inciden las políticas monetarias en las tasas de desempleo? /
Guardado en:
| Hovedforfatter: | |
|---|---|
| Andre forfattere: | |
| Format: | Texto |
| Tags: |
Tilføj Tag
Ingen Tags, Vær først til at tagge denne postø!
|
MARC
| LEADER | 00000 a a2200000 04500 | ||
|---|---|---|---|
| 001 | 45235 | ||
| 003 | |||
| 040 | |||
| 090 | |a REV0877 (107) 2012 | ||
| 100 | |a Islas C., Alejandro | ||
| 245 | |a México: |b ¿Cómo inciden las políticas monetarias en las tasas de desempleo? / |c Alejandro Islas C ; Willy Walter Cortéz Yactayo | ||
| 700 | |a Cortez Yactayo, Willy Walter | ||
| 773 | |g número107 (diciembre, 2012), páginas 197-217 | ||
| 999 | |c 32048 |d 32048 | ||
